| 000 | 00363nam a22001337a 4500 | ||
|---|---|---|---|
| 008 | 250422b |||||||| |||| 00| 0 eng d | ||
| 020 | _a053411610 | ||
| 050 |
_aJK 1118.5 _b.S76 |
||
| 100 | _aStone J. Walter | ||
| 245 | _aRepublic at risk self-interest in American Politics | ||
| 260 |
_aUSA _bBrooks/Cole publishing Company _c1990 |
||
| 300 | _a264p. | ||
| 942 | _cBK | ||
| 999 |
_c3074 _d3074 |
||